00521nam a22001217a 4500003000200000005001700002008004100019040002000060100003700080245021000117260006300327300000900390020160609172202.0130812t xxu||||| |||| 00| 0 eng d aBUACbFrcBEPAC aAHOUANDJINOU, Hermione Ingrid M. aEffet de la pollution atmosphérique liée au trafic véhiculaire sur la prévalence des maladies des voies respiratoires en milieu urbain : cas de la ville de CotonoucAHOUANDJINOU, Hermione Ingrid M. aAbomey-CalavibEcole Polytechnique d’Abomey-Calavic2007 a42p.